Clash Royale Cards Quiz - Statistics

General Stats
  • This quiz has been taken 2,775 times
    266 since last reset
  • The average score is 78 of 121
Answer Stats
Answer % Correct
Goblins
85%
Archer Queen
83%
Skeletons
83%
Giant
82%
Fireball
81%
P.E.K.K.A.
81%
Fire Spirit
79%
Mega Knight
79%
Knight
78%
Mini P.E.K.K.A.
78%
The Log
78%
Arrows
77%
Heal Spirit
77%
Ice Spirit
77%
Wizard
77%
Archers
76%
Balloon
76%
Spear Goblins
76%
Witch
76%
Zap
76%
Cannon
75%
Golem
75%
Hog Rider
75%
Barbarians
74%
Electro Wizard
74%
Prince
74%
Baby Dragon
73%
Barbarian Hut
73%
Boss Bandit
72%
Electro Spirit
72%
Ice Wizard
72%
Monk
72%
Goblin Hut
71%
Golden Knight
71%
Inferno Tower
71%
Lightning
71%
Minions
71%
Rocket
71%
Goblin Giant
69%
Mother Witch
69%
Rage
69%
Tesla
69%
X-Bow
69%
Barbarian Barrel
68%
Freeze
68%
Goblin Barrel
68%
Miner
68%
Mirror
68%
Musketeer
68%
Electro Giant
67%
Ice Golem
67%
Skeleton King
67%
Goblin Curse
66%
Goblin Gang
66%
Graveyard
66%
Inferno Dragon
66%
Little Prince
66%
Lumberjack
66%
Skeleton Army
66%
Tombstone
66%
Bandit
65%
Dark Prince
65%
Poison
65%
Royal Giant
65%
Sparky
65%
Dart Goblin
64%
Elixir Golem
64%
Giant Skeleton
64%
Mighty Miner
64%
Night Witch
64%
Bomb Tower
63%
Princess
63%
Royal Hogs
63%
Three Musketeers
63%
Valkyrie
63%
Electro Dragon
62%
Lava Hound
62%
Minion Horde
62%
Bomber
61%
Goblin Cage
61%
Ram Rider
61%
Skeleton Barrel
61%
Clone
60%
Magic Archer
60%
Mortar
60%
Zappies
60%
Bats
59%
Giant Snowball
59%
Royal Recruits
59%
Goblinstein
58%
Vines
58%
Wall Breakers
58%
Elixir Collector
57%
Firecracker
57%
Mega Minion
57%
Royal Delivery
57%
Void
57%
Bowler
56%
Earthquake
56%
Elite Barbarians
56%
Royal Ghost
54%
Cannon Cart
53%
Furnace
53%
Guards
53%
Goblin Machine
52%
Battle Ram
51%
Berserker
51%
Fisherman
51%
Skeleton Dragons
51%
Rascals
49%
Battle Healer
48%
Flying Machine
47%
Goblin Drill
47%
Tornado
45%
Spirit Empress
44%
Hunter
43%
Goblin Demolisher
42%
Rune Giant
41%
Executioner
38%
Suspicious Bush
38%
Phoenix
33%
No matching quizzes found
Score Distribution
Percent of People with Each Score
Percentile by Number Answered
Your Score History
You have not taken this quiz since the last reset